La Problemática de la familia hoy /
Kaydedildi:
| Yazar: | |
|---|---|
| Materyal Türü: | Metin |
| Konular: | |
| Etiketler: |
Etiketle
Etiket eklenmemiş, İlk siz ekleyin!
|
MARC
| LEADER | 00000 a a2200000 04500 | ||
|---|---|---|---|
| 001 | 228 | ||
| 003 | |||
| 040 | |||
| 100 | |a Villalobos Guevara, Ana Marcela | ||
| 245 | |a La Problemática de la familia hoy / |c Ana Marcela Villalobos Guevara | ||
| 650 | |a JUVENTUD | ||
| 650 | |a ADOLESCENTES | ||
| 650 | |a FAMILIA | ||
| 650 | |a DESINTEGRACION DE LA FAMILIA | ||
| 650 | |a PADRES | ||
| 650 | |a PROBLEMAS SOCIALES | ||
| 773 | |g volumen 1, núm 1; páginas 80-82 | ||
| 999 | |c 31841 |d 31841 | ||
| 773 | 0 | |0 42346 |9 3358 |d San José, Costa Rica: CCSS. DTSS. DMP. Programa Atención Integral de la Adolescencia, 1999- |o 07056 |t Adolescencia y Salud/ | |
